Geology of De Soto and Red River Parishes. (Record no. 28372)
[ view plain ]
| 000 -LEADER | |
|---|---|
| fixed length control field | 00941cam a22002651 4500 |
| 001 - CONTROL NUMBER | |
| control field | gs 49000134 |
| 003 - CONTROL NUMBER IDENTIFIER | |
| control field | DLC |
| 005 - DATE AND TIME OF LATEST TRANSACTION | |
| control field | 20260227111355.0 |
| 008 - FIXED-LENGTH DATA ELEMENTS--GENERAL INFORMATION | |
| fixed length control field | 780223s1948 lauabf 001 0 eng c |
| 010 ## - LIBRARY OF CONGRESS CONTROL NUMBER | |
| LC control number | gs 49000134 |
| 035 ## - SYSTEM CONTROL NUMBER | |
| System control number | (OCoLC)3663223 |
| 040 ## - CATALOGING SOURCE | |
| Original cataloging agency | U.S. Geol. Survey. Libr. |
| Transcribing agency | ArLUA |
| Modifying agency | OCoLC |
| -- | DLC |
| 042 ## - AUTHENTICATION CODE | |
| Authentication code | premarc |
| 050 00 - LIBRARY OF CONGRESS CALL NUMBER | |
| Classification number | QE117 |
| Item number | .A22 no. 25 |
| 082 ## - DEWEY DECIMAL CLASSIFICATION NUMBER | |
| Classification number | 557.63 |
| 100 1# - MAIN ENTRY--PERSONAL NAME | |
| Personal name | Murray, Grover E. |
| Fuller form of name | (Grover Elmer), |
| Dates associated with a name | 1916- |
| 245 10 - TITLE STATEMENT | |
| Title | Geology of De Soto and Red River Parishes. |
| 260 ## - PUBLICATION, DISTRIBUTION, ETC. | |
| Place of publication, distribution, etc. | Baton Rouge, |
| Name of publisher, distributor, etc. | Dept. of Conservation, Louisiana Geological Survey, |
| Date of publication, distribution, etc. | 1948. |
| 300 ## - PHYSICAL DESCRIPTION | |
| Extent | xvii, 312 p. |
| Other physical details | illus., 17 fold plates (incl. maps (part col.) in pocket) |
| Dimensions | 23 cm. |
| 410 20 - SERIES STATEMENT/ADDED ENTRY--CORPORATE NAME [OBSOLETE, CAN/MARC], [LOCAL, USA] | |
| Corporate name or jurisdiction name as entry element | Louisiana Geological Survey |
| Title of a work | Geological bulletin |
| Volume number/sequential designation | no. 25 |
| 504 ## - BIBLIOGRAPHY, ETC. NOTE | |
| Bibliography, etc. note | Bibliography: p. 271-301. |
| 650 #0 - SUBJECT ADDED ENTRY--TOPICAL TERM | |
| Topical term or geographic name entry element | Geology |
| Geographic subdivision | Louisiana |
| -- | De Soto Parish. |
| 650 #0 - SUBJECT ADDED ENTRY--TOPICAL TERM | |
| Topical term or geographic name entry element | Geology |
| Geographic subdivision | Louisiana |
| -- | Red River Parish. |
| 650 #0 - SUBJECT ADDED ENTRY--TOPICAL TERM | |
| Topical term or geographic name entry element | Petroleum |
| Geographic subdivision | Louisiana. |
No items available.